000 00733nam a2200241Ii 4500
003 JO-AjNU
008 230605s9999||||xx |||||||||||||| ||und||
017 _a1998/9/1535
020 _a9957-09-024-0
040 _aJO-AjNU
_bara
_erda
_cJO-AjNU
041 _aara
050 1 4 _aPJ7852 1999
100 3 _aالدليمي، لطيفة,
_eauthor
_914012
245 0 0 _aما لم يقله الرواة
250 _aط1
264 3 1 _aعمان: دار ازمنة للنشر والتوزيع، 1999
300 _a92ص
336 _atext
_btxt
_2rdacontent
337 _aunmediated
_bn
_2rdamedia
338 _avolume
_bnc
_2rdacarrier
490 0 _aابداعات عربية
650 4 _aالقصة القصيرة - الاداب
_914013
999 _aA3635
_c7203
_d7203